[Event "Tournament 14471 - Europe Echecs"]
[Site "Europe Echecs"]
[Date "2020.07.09"]
[Round "4"]
[Time "15:35:07"]
[PlyCount "104"]
[White "GalimovAskar"]
[Black "SwietlikNicola"]
[WhiteElo "1278"]
[BlackElo "1065"]
[Mode "WEB"]
[Result "1-0"]

1. d4 d5 2. Nf3 Nf6 3. Bg5 Nc6 4. Nc3 Bg4 5. e3 e6 6. h3 Bh5 7. Be2 h6 8. Bh4
Be7 9. Ne5 Nxe5 10. dxe5 Ne4 11. Bxe7 Qxe7 12. Bxh5 g6 13. Bf3 Nxc3 14. bxc3
O-O-O 15. O-O Qg5 16. Qe2 Qxe5 17. e4 Qxc3 18. exd5 exd5 19. Qd3 d4 20. Rab1
Qxd3 21. cxd3 b6 22. Rfe1 Rhe8 23. Re2 Rxe2 24. Bxe2 h5 25. Re1 c5 26. g4 h4 27.
Bf3 Kc7 28. Re7+ Rd7 29. Rxd7+ Kxd7 30. Bd5 f6 31. Kg2 a5 32. Kf3 b5 33. Ke4 b4
34. Bb3 Kd6 35. f4 Kc6 36. Bd5+ Kb5 37. Bc4+ Ka4 38. Bb3+ Ka3 39. Kd5 a4 40. Bc4
b3 41. axb3 axb3 42. Bxb3 Kxb3 43. Kxc5 Kc3 44. Kd5 Kxd3 45. f5 g5 46. Ke6 Ke3
47. Kxf6 d3 48. Kg7 d2 49. f6 d1=Q 50. f7 Qd7 51. Kg8 Qe8+ 52. fxe8=Q+ {SwietlikNicola a perdu au temps} 1-0

[Event "Tournament 14471 - Europe Echecs"]
[Site "Europe Echecs"]
[Date "2020.07.09"]
[Round "4"]
[Time "15:35:07"]
[PlyCount "119"]
[White "OuaichaHadyan"]
[Black "FraileLucas"]
[WhiteElo "1083"]
[BlackElo "1276"]
[Mode "WEB"]
[Result "0-1"]

1. e4 c6 2. Nf3 d5 3. Nc3 dxe4 4. Nxe4 Nf6 5. d3 Nxe4 6. dxe4 Qxd1+ 7. Kxd1 Bg4
8. h3 Bh5 9. Bc4 Nd7 10. Bf4 O-O-O 11. Re1 e5 12. Bg3 c5 13. Ke2 f6 14. Rad1 Nb6
15. Be6+ Kc7 16. Rxd8 Kxd8 17. Rd1+ Kc7 18. Kf1 Be7 19. b3 Rd8 20. Rxd8 Bxd8 21.
a4 Be7 22. Nh4 g6 23. c3 Bd1 24. Nf3 Kd6 25. Bf7 Bc2 26. Nd2 Bf8 27. a5 Nd7 28.
Nc4+ Ke7 29. Bd5 Bxb3 30. f4 Bxc4+ 31. Bxc4 b6 32. fxe5 fxe5 33. Bh4+ Kd6 34. a6
Be7 35. Bxe7+ Kxe7 36. Bb5 Nf6 37. Bd3 c4 38. Bc2 Kd6 39. g4 h6 40. h4 Nxg4 41.
Bd1 Ne3+ 42. Ke2 Nxd1 43. Kxd1 Kc5 44. Kd2 Kb5 45. Kc2 Kxa6 46. Kb2 Kb5 47. Kc2
a5 48. Kb2 a4 49. Ka2 g5 50. hxg5 hxg5 51. Kb2 g4 52. Kc2 a3 53. Kd2 a2 54. Kc2
a1=Q 55. Kd2 g3 56. Ke2 g2 57. Kd2 Qb2+ 58. Ke3 g1=Q+ 59. Kf3 Qbf2# {OuaichaHadyan est échec et mat} 0-1

[Event "Tournament 14471 - Europe Echecs"]
[Site "Europe Echecs"]
[Date "2020.07.09"]
[Round "4"]
[Time "15:35:07"]
[PlyCount "119"]
[White "BoyerJohnLucas"]
[Black "Cadilhacseffin"]
[WhiteElo "1266"]
[BlackElo "1045"]
[Mode "WEB"]
[Result "0-1"]

1. d4 d5 2. Bf4 Nc6 3. Nf3 Bf5 4. e3 a6 5. Nbd2 Nf6 6. c3 e6 7. Ne5 Bd6 8. Ndf3
Bxe5 9. Nxe5 Nxe5 10. Bxe5 O-O 11. Bd3 Bg4 12. Be2 Bf5 13. O-O Ne4 14. Bd3 f6
15. Bf4 Qe7 16. Bxe4 Bxe4 17. f3 Bg6 18. Bg3 e5 19. dxe5 fxe5 20. f4 e4 21.
Qxd5+ Bf7 22. Qf5 g6 23. Qa5 Rfd8 24. Qb4 c5 25. Qa5 Bc4 26. Rfe1 Rd2 27. b3 Bd3
28. Qb6 Rc2 29. c4 Rd8 30. a4 Rd6 31. Qa7 Rb2 32. Qxc5 Rxb3 33. f5 Rd7 34. Qxe7
Rxe7 35. a5 gxf5 36. Bh4 Rc7 37. Bg3 Rxc4 38. h4 Rc2 39. Reb1 Rxb1+ 40. Rxb1
Rxg2+ 41. Kxg2 Bxb1 42. Kf2 Kf7 43. Ke2 Ke6 44. Kd2 Kd5 45. Kc3 Kc5 46. h5 Bd3
47. h6 b6 48. axb6 Kxb6 49. Kd4 a5 50. Ke5 a4 51. Kf6 a3 52. Kg7 a2 53. Kxh7
a1=Q 54. Kg8 Bc4+ 55. Kf8 Qh8+ 56. Ke7 Qxh6 57. Bf4 Qe6+ 58. Kd8 Kc6 59. Bd6
Qd7# {BoyerJohnLucas est échec et mat} 0-1

[Event "Tournament 14471 - Europe Echecs"]
[Site "Europe Echecs"]
[Date "2020.07.09"]
[Round "4"]
[Time "15:35:07"]
[PlyCount "78"]
[White "LhostisLucie"]
[Black "BarbierPestour"]
[WhiteElo "1265"]
[BlackElo "999"]
[Mode "WEB"]
[Result "1-0"]

1. e4 e5 2. Nf3 Nc6 3. Bb5 d6 4. O-O Be7 5. c3 Nf6 6. Re1 d5 7. exd5 Nxd5 8.
Nxe5 Bd7 9. Nxd7 Qxd7 10. d4 a6 11. Ba4 b5 12. Bb3 Na5 13. Bc2 O-O 14. Be4 Rfe8
15. Qf3 Bf6 16. Bd2 c6 17. Na3 Nc7 18. b4 Nc4 19. Nxc4 bxc4 20. Bxc6 Rxe1+ 21.
Rxe1 Qd8 22. Bxa8 Nxa8 23. Qc6 Be7 24. Qxc4 Nc7 25. Bf4 Ne6 26. Be5 h6 27. d5
Ng5 28. Qd3 Qe8 29. d6 Bd8 30. d7 Qe6 31. f4 Nh7 32. Qd6 Qxa2 33. Bd4 Qd2 34.
Re8+ Nf8 35. Qxf8+ Kh7 36. Qh8+ Kg6 37. Qxg7+ Kh5 38. Re5+ Kh4 39. Qg3# {BarbierPestour est échec et mat} 1-0

[Event "Tournament 14471 - Europe Echecs"]
[Site "Europe Echecs"]
[Date "2020.07.09"]
[Round "4"]
[Time "15:35:07"]
[PlyCount "92"]
[White "SansoneAlessio"]
[Black "PommereulMathi"]
[WhiteElo "1075"]
[BlackElo "1264"]
[Mode "WEB"]
[Result "1/2-1/2"]

1. c4 e5 2. Nc3 Nf6 3. d3 d5 4. cxd5 Nxd5 5. Nf3 Nc6 6. g3 Bb4 7. Bd2 Bg4 8. Bg2
Nf6 9. Qb3 Bxf3 10. Bxf3 Qd4 11. a3 Bc5 12. Be3 Na5 13. Qb5+ c6 14. Qxa5 Qd6 15.
Qxc5 Qxc5 16. Bxc5 b6 17. Bxc6+ Kd8 18. Bxa8 bxc5 19. Ne4 Nxe4 20. Bxe4 Ke7 21.
Rc1 Kd6 22. O-O h6 23. Rc4 Rb8 24. Rfc1 Rxb2 25. Rxc5 Rxe2 26. Rc6+ Ke7 27. Rc7+
Kf6 28. Rxa7 Ra2 29. Rcc7 Ra1+ 30. Kg2 Kg5 31. a4 Kg4 32. a5 f5 33. Rxg7+ Kh5
34. a6 fxe4 35. dxe4 Ra4 36. Rge7 Rxe4 37. Rad7 Kg6 38. a7 Ra4 39. Re6+ Kf5 40.
Re8 Rxa7 41. Rxa7 e4 42. Rxe4 Kxe4 43. Ra6 h5 44. Rh6 Kf5 45. Rxh5+ Kg4 46. Ra5 {Nulle par pat} 1/2-1/2

[Event "Tournament 14471 - Europe Echecs"]
[Site "Europe Echecs"]
[Date "2020.07.09"]
[Round "4"]
[Time "15:35:07"]
[PlyCount "120"]
[White "DarrortNahia"]
[Black "GandrilleLubin"]
[WhiteElo "1263"]
[BlackElo "1024"]
[Mode "WEB"]
[Result "1-0"]

1. e4 e5 2. Nf3 Nc6 3. d4 d6 4. dxe5 dxe5 5. Qxd8+ Kxd8 6. Bc4 Nf6 7. Nc3 Bg4 8.
Bxf7 Bd6 9. Bg5 Ke7 10. Bd5 Nd4 11. Nxd4 exd4 12. Nb5 c6 13. Nxd6 Kxd6 14. Bxf6
gxf6 15. Bb3 f5 16. exf5 Bxf5 17. O-O-O Kc5 18. Rhe1 Rhe8 19. Bf7 Rxe1 20. Rxe1
d3 21. Re5+ Kd4 22. Rxf5 dxc2 23. Kxc2 Rf8 24. Be6 Re8 25. Bf7 Re2+ 26. Kb3 c5
27. Bc4 Re1 28. Rf7 Rc1 29. Rf4+ Ke5 30. Rh4 Rg1 31. g3 Rg2 32. f4+ Kf6 33. Rxh7
Rf2 34. Bd5 b5 35. Rh6+ Kf5 36. Be6+ Ke4 37. Bg4 Kd4 38. Rd6+ Ke4 39. Re6+ Kd5
40. Re2 Rf1 41. h3 Rg1 42. Bf3+ Kd4 43. Rg2 Re1 44. Re2 Rf1 45. Bg2 Rg1 46. Re4+
Kd3 47. g4 Rxg2 48. Re1 Rg3 49. Rc1 Ke4+ 50. Rc3 Rg2 51. Rxc5 Kxf4 52. Rxb5 Rg3+
53. Ka4 Rxh3 54. Rb4+ Ke5 55. g5 Rg3 56. Rb5+ Kd6 57. Ka5 Kc6 58. Ka6 Rg4 59.
Ra5 Rg2 60. b3 {GandrilleLubin a perdu au temps} 1-0

[Event "Tournament 14471 - Europe Echecs"]
[Site "Europe Echecs"]
[Date "2020.07.09"]
[Round "4"]
[Time "15:35:07"]
[PlyCount "46"]
[White "PeyquetMaelys"]
[Black "BourginePaul"]
[WhiteElo "1257"]
[BlackElo "999"]
[Mode "WEB"]
[Result "1-0"]

1. e4 e5 2. Nf3 Nc6 3. Bc4 Bc5 4. c3 Nf6 5. d3 d5 6. exd5 Nxd5 7. h3 O-O 8. O-O
Qd6 9. Re1 Nf4 10. Bxf4 exf4 11. d4 Nxd4 12. Nxd4 f3 13. Nxf3 Qf4 14. Qd2 Be6
15. Qxf4 Bd6 16. Qd4 Rae8 17. Bxe6 Rxe6 18. Rxe6 fxe6 19. Nbd2 e5 20. Nxe5 Bxe5
21. Qxe5 Kf7 22. Re1 b6 23. Qe6# {BourginePaul est échec et mat} 1-0

[Event "Tournament 14471 - Europe Echecs"]
[Site "Europe Echecs"]
[Date "2020.07.09"]
[Round "4"]
[Time "15:35:07"]
[PlyCount "50"]
[White "BenoitClement"]
[Black "DubachNicolas"]
[WhiteElo "1254"]
[BlackElo "999"]
[Mode "WEB"]
[Result "0-1"]

1. e4 e6 2. Nf3 c5 3. Bc4 Ne7 4. c3 d5 5. Bb3 a6 6. d4 c4 7. Bc2 Nbc6 8. Bf4 Qb6
9. b3 Ng6 10. Qd2 Na5 11. bxc4 Qb2 12. cxd5 Qxa1 13. dxe6 fxe6 14. O-O Qxa2 15.
Rd1 Nxf4 16. Qxf4 Qxc2 17. Rf1 Qb3 18. Ne5 Bd6 19. Qf7+ Kd8 20. Qxg7 Bxe5 21.
Qxe5 Rg8 22. Qf6+ Ke8 23. f4 Qb6 24. f5 Qd8 25. Qh4 {BenoitClement a abandonné} 0-1

[Event "Tournament 14471 - Europe Echecs"]
[Site "Europe Echecs"]
[Date "2020.07.09"]
[Round "4"]
[Time "15:35:07"]
[PlyCount "148"]
[White "MolinesMartin"]
[Black "BuetClovis"]
[WhiteElo "1033"]
[BlackElo "1251"]
[Mode "WEB"]
[Result "1/2-1/2"]

1. e4 e5 2. Nf3 Nc6 3. Bc4 Be7 4. d3 Nf6 5. Nc3 O-O 6. Bg5 d6 7. h3 h6 8. Bxf6
Bxf6 9. Nd5 Be6 10. Bb3 Bxd5 11. Bxd5 Qd7 12. O-O Be7 13. d4 Kh8 14. dxe5 Nxe5
15. Nxe5 dxe5 16. Re1 c6 17. Bc4 Qxd1 18. Raxd1 Rad8 19. Bd3 f6 20. Bc4 a5 21.
Be2 Kg8 22. Bc4+ Kh7 23. Be2 Kg6 24. Bg4 Rxd1 25. Bf5+ Kf7 26. Rxd1 Rd8 27. Rxd8
Bxd8 28. Bc8 b6 29. Bd7 c5 30. b3 Ke7 31. Bb5 Kf7 32. Kf1 Kg6 33. Ke2 Kg5 34. f3
Kf4 35. Kf2 f5 36. g3+ Kg5 37. h4+ Kf6 38. Ke3 Bc7 39. Bd3 f4+ 40. Kf2 g5 41.
hxg5+ hxg5 42. gxf4 gxf4 43. Bc4 Ke7 44. Kg2 Kd6 45. Kh3 Kc6 46. Kg4 b5 47. Bd5+
Kd6 48. c4 bxc4 49. Bxc4 Kc6 50. Kf5 Kd7 51. Kf6 Kd6 52. Kf7 Kd7 53. Be6+ Kd6
54. Kf6 Kc6 55. Bc4 Kd6 56. Kf5 Ke7 57. Be6 Kd6 58. Bd5 Ke7 59. Bc6 Kd6 60. Bd5
Ke7 61. Bc4 Kd6 62. Kf6 Kd7 63. Be6+ Kd6 64. Kf7 Kc6 65. Ke8 Kd6 66. Bc4 Kc6 67.
Bd5+ Kd6 68. Bc4 Kc6 69. a4 Kd6 70. Bb5 Bb6 71. Bc4 Bc7 72. Bb5 Bb6 73. Ba6 Bc7
74. Bb5 {Nulle par répétition} 1/2-1/2

[Event "Tournament 14471 - Europe Echecs"]
[Site "Europe Echecs"]
[Date "2020.07.09"]
[Round "4"]
[Time "15:35:07"]
[PlyCount "59"]
[White "TsirulnikovAlic"]
[Black "ComtePanicautJ"]
[WhiteElo "1010"]
[BlackElo "1265"]
[Mode "WEB"]
[Result "0-1"]

1. e4 e5 2. Nf3 Nc6 3. Bc4 Be7 4. O-O Nf6 5. d3 O-O 6. Nc3 d6 7. h3 Be6 8. Bb3
d5 9. exd5 Nxd5 10. Nxd5 Bxd5 11. Bd2 Bxb3 12. axb3 f5 13. Re1 Bd6 14. Bg5 Qe8
15. d4 e4 16. d5 Ne5 17. Nxe5 Bxe5 18. c4 Bxb2 19. Ra2 Bc3 20. Re3 Be5 21. f4
Bd6 22. Rg3 Bc5+ 23. Kf1 Qf7 24. Bh6 Qf6 25. Qa1 Bd4 26. Rxg7+ Kh8 27. Qd1 Qxh6
28. Rxc7 Qxf4+ 29. Rf2 Qxf2# {TsirulnikovAlic est échec et mat} 0-1

[Event "Tournament 14471 - Europe Echecs"]
[Site "Europe Echecs"]
[Date "2020.07.09"]
[Round "4"]
[Time "15:35:07"]
[PlyCount "48"]
[White "GerardKelian"]
[Black "AlexGeerjananN"]
[WhiteElo "1056"]
[BlackElo "1370"]
[Mode "WEB"]
[Result "1-0"]

1. d4 d5 2. c4 e6 3. Nc3 Nf6 4. Nf3 Nc6 5. e3 Bb4 6. a3 Bxc3+ 7. bxc3 O-O 8. Bd3
Bd7 9. Bd2 Qe7 10. Bc2 dxc4 11. e4 e5 12. Bc1 Bg4 13. d5 Nd8 14. h3 Bxf3 15.
Qxf3 c6 16. Bg5 h6 17. Be3 cxd5 18. exd5 b6 19. d6 Qxd6 20. Qxa8 Nc6 21. Qb7 Rb8
22. Qa6 b5 23. Bxa7 Nxa7 24. Qxd6 {AlexGeerjananN a abandonné} 1-0

[Event "Tournament 14471 - Europe Echecs"]
[Site "Europe Echecs"]
[Date "2020.07.09"]
[Round "4"]
[Time "15:35:07"]
[PlyCount "116"]
[White "MohamedKeziah"]
[Black "LemoalImran"]
[WhiteElo "1139"]
[BlackElo "1047"]
[Mode "WEB"]
[Result "1-0"]

1. d4 d5 2. e3 Nc6 3. f4 e6 4. Nf3 Bd6 5. Bd3 Nge7 6. Nbd2 b6 7. O-O Bb7 8. c3
Qd7 9. Ne5 Qd8 10. e4 f6 11. Nef3 Bxf4 12. e5 a6 13. exf6 gxf6 14. Nh4 Qd6 15.
Qh5+ Kd8 16. Nhf3 Kd7 17. Nb3 Bxc1 18. Raxc1 Rag8 19. c4 Rg7 20. Nh4 Rg5 21. Qf3
dxc4 22. Bxc4 Na5 23. Qe3 Nxc4 24. Rxc4 Nd5 25. Qc1 Rhg8 26. Nd2 Ne3 27. Ndf3
Bxf3 28. Rxf3 Nxc4 29. Qxc4 Rg4 30. g3 Rxd4 31. Qxa6 Rd1+ 32. Kg2 Rd2+ 33. Kh3
Ke7 34. Re3 e5 35. Nf5+ Ke6 36. Nxd6 Kxd6 37. Qa3+ Kd7 38. Rf3 Rd6 39. Qa4+ Ke6
40. Qb3+ Kd7 41. Qxg8 Kc6 42. Qxh7 Rd7 43. Rxf6+ Rd6 44. Rxd6+ cxd6 45. g4 d5
46. g5 d4 47. Qd3 Kd5 48. g6 e4 49. Qd1 e3 50. g7 Ke4 51. g8=Q d3 52. Qe8+ Kd4
53. Qd8+ Ke5 54. Q1xd3 e2 55. Qxe2+ Kf5 56. Qf8+ Kg6 57. Qg2+ Kh5 58. Qh8# {LemoalImran est échec et mat} 1-0

[Event "Tournament 14471 - Europe Echecs"]
[Site "Europe Echecs"]
[Date "2020.07.09"]
[Round "4"]
[Time "15:35:07"]
[PlyCount "67"]
[White "BoucaudViallar"]
[Black "VerdeauxAntoin"]
[WhiteElo "1329"]
[BlackElo "960"]
[Mode "WEB"]
[Result "0-1"]

1. e4 e5 2. Nf3 Nc6 3. Bc4 d6 4. d3 Nf6 5. Nc3 Bg4 6. Be3 g6 7. Qd2 Qe7 8. d4
exd4 9. Nxd4 Nxd4 10. Bxd4 Bg7 11. f3 Be6 12. Bb3 O-O 13. Be3 Rad8 14. O-O-O c6
15. Bh6 d5 16. e5 Nh5 17. g4 Bxh6 18. Qxh6 Ng7 19. h4 f6 20. h5 g5 21. f4 Bxg4
22. Rdg1 Bf3 23. Rh2 gxf4 24. exf6 Qxf6 25. Qg5 Qxg5 26. Rxg5 h6 27. Rg1 Kh7 28.
Nd1 Nxh5 29. Nf2 Ng3 30. Kd2 Rfe8 31. c3 Re2+ 32. Kd3 Ne4 33. Rf1 Rd2# {BoucaudViallar est échec et mat} 0-1

[Event "Tournament 14471 - Europe Echecs"]
[Site "Europe Echecs"]
[Date "2020.07.09"]
[Round "4"]
[Time "15:35:07"]
[PlyCount "115"]
[White "PechGuillaume"]
[Black "PenarrubiaMaxi"]
[WhiteElo "1012"]
[BlackElo "1380"]
[Mode "WEB"]
[Result "0-1"]

1. e4 e6 2. Nf3 d5 3. exd5 exd5 4. d4 Nf6 5. Nc3 c5 6. dxc5 Bxc5 7. Bb5+ Bd7 8.
Bxd7+ Nbxd7 9. O-O Qb6 10. Re1+ Kd8 11. Re2 Ng4 12. Kf1 Nxf2 13. Qxd5 Ng4 14.
Qxf7 Nxh2+ 15. Ke1 Nxf3+ 16. gxf3 Qf6 17. Qd5 Qh4+ 18. Kd1 Qd4+ 19. Qxd4 Bxd4
20. Nb5 Bb6 21. Nd6 Rf8 22. c4 Rxf3 23. c5 Bxc5 24. Bg5+ Kc7 25. Nb5+ Kc6 26. a4
Bb4 27. Re6+ Kd5 28. Re1 Raf8 29. Re2 Rf1+ 30. Re1 Bxe1 31. Kc2 Bb4 32. Rxf1
Rxf1 33. Kb3 Kc5 34. Be7+ Kd5 35. Bxb4 Rf3+ 36. Kc2 Rf2+ 37. Kc3 Rf3+ 38. Kc2
Ne5 39. Nxa7 Kc4 40. Nc6 Nxc6 41. Bd2 Rf2 42. b3+ Kd4 43. Kc1 Nb4 44. Kd1 Kd3
45. Ke1 Rxd2 46. a5 h5 47. a6 bxa6 48. Kf1 Ke3 49. Ke1 Nd3+ 50. Kf1 Re2 51. b4
Kf3 52. Kg1 Rf2 53. b5 axb5 54. Kh1 b4 55. Kg1 b3 56. Kh1 b2 57. Kg1 b1=Q# {PechGuillaume est échec et mat} 0-1

[Event "Tournament 14471 - Europe Echecs"]
[Site "Europe Echecs"]
[Date "2020.07.09"]
[Round "4"]
[Time "15:35:07"]
[PlyCount "74"]
[White "BernadetDaniel"]
[Black "MoreauDecource"]
[WhiteElo "1003"]
[BlackElo "1330"]
[Mode "WEB"]
[Result "1-0"]

1. d4 d5 2. c4 dxc4 3. e4 Nf6 4. Nc3 e6 5. Bxc4 Nc6 6. Nf3 b6 7. e5 Ng4 8. Bg5
Qd7 9. d5 exd5 10. Bxd5 Nb4 11. Bxa8 Qxd1+ 12. Rxd1 Bc5 13. O-O O-O 14. h3 Nxf2
15. Rxf2 Bf5 16. a3 Nc2 17. Be4 Bxe4 18. Nxe4 a5 19. Nxc5 bxc5 20. Rxc2 a4 21.
Rxc5 c6 22. Rxc6 h6 23. Bf4 g5 24. Be3 h5 25. Bxg5 h4 26. Bh6 Re8 27. Rf6 Rb8
28. Bc1 Kg7 29. Rd7 Kf8 30. Rdxf7+ Kg8 31. Rc7 Re8 32. e6 Ra8 33. Ne5 Re8 34.
Rg6+ Kh8 35. Bd2 Rxe6 36. Rxe6 Kg8 37. Re8# {MoreauDecource est échec et mat} 1-0

[Event "Tournament 14471 - Europe Echecs"]
[Site "Europe Echecs"]
[Date "2020.07.09"]
[Round "4"]
[Time "15:35:07"]
[PlyCount "80"]
[White "CaillensValent"]
[Black "KurenkovAndrey"]
[WhiteElo "999"]
[BlackElo "1322"]
[Mode "WEB"]
[Result "1/2-1/2"]

1. e4 e5 2. Nf3 Nc6 3. d4 exd4 4. Nxd4 Nf6 5. Nc3 Bb4 6. Bg5 O-O 7. Nxc6 bxc6 8.
e5 Bxc3+ 9. bxc3 Qe7 10. Be2 Qxe5 11. Bxf6 Qxf6 12. Qd3 a5 13. a4 Re8 14. O-O
Ba6 15. c4 d5 16. Qf3 Qxf3 17. Bxf3 Bxc4 18. Rfe1 Rab8 19. Rxe8+ Rxe8 20. Rb1 d4
21. Bxc6 Rd8 22. Bd7 Kf8 23. Bb5 d3 24. cxd3 Bxb5 25. Rxb5 Rxd3 26. g3 Ke7 27.
Rxa5 Kd7 28. Ra8 Ra3 29. a5 Ke6 30. Kf1 Ra2 31. Ke1 Kd5 32. a6 Kc4 33. Kd1 Kd3
34. Kc1 Kc3 35. Kb1 Ra5 36. a7 Rb5+ 37. Ka2 Ra5+ 38. Kb1 Rb5+ 39. Ka2 Ra5+ 40.
Kb1 {Nulle par répétition} 1/2-1/2

[Event "Tournament 14471 - Europe Echecs"]
[Site "Europe Echecs"]
[Date "2020.07.09"]
[Round "4"]
[Time "15:35:07"]
[PlyCount "80"]
[White "CogneauMaude"]
[Black "CarobbioMaxime"]
[WhiteElo "1180"]
[BlackElo "1080"]
[Mode "WEB"]
[Result "1-0"]

1. e4 e5 2. Nf3 Nc6 3. Bc4 h6 4. Nc3 Nf6 5. d4 d6 6. dxe5 dxe5 7. Qxd8+ Nxd8 8.
O-O Bg4 9. Nxe5 Bh5 10. Nb5 Ne6 11. Bxe6 c6 12. Nc7+ Ke7 13. Nxa8 Kxe6 14. Nc4
b5 15. Nc7+ Ke7 16. Na5 Nxe4 17. Nxc6+ Kd7 18. Nxb5 Kxc6 19. Nxa7+ Kb7 20. Nb5
Bc5 21. h3 f6 22. a4 Ng3 23. Rd1 Ne2+ 24. Kf1 Nf4 25. Rd7+ Kc6 26. Rxg7 Be2+ 27.
Ke1 Re8 28. Bxf4 Bb4+ 29. Nc3 Bc4+ 30. Kd1 Rd8+ 31. Bd2 Re8 32. a5 Bxc3 33. bxc3
Be2+ 34. Kc1 Bc4 35. a6 Re2 36. a7 Rxf2 37. a8=Q+ Kd6 38. Qa5 Rf1+ 39. Kb2 Rd1
40. Rxd1 {CarobbioMaxime a abandonné} 1-0

[Event "Tournament 14471 - Europe Echecs"]
[Site "Europe Echecs"]
[Date "2020.07.09"]
[Round "4"]
[Time "15:35:07"]
[PlyCount "81"]
[White "LoszycerSasha"]
[Black "CourjalCharlot"]
[WhiteElo "1162"]
[BlackElo "1055"]
[Mode "WEB"]
[Result "0-1"]

1. d4 Nf6 2. c4 c5 3. e3 g6 4. Nf3 Bg7 5. dxc5 Nc6 6. Nc3 d6 7. cxd6 exd6 8. Bd3
Be6 9. Qe2 O-O 10. O-O h6 11. b3 Qa5 12. Bd2 Qc7 13. a4 d5 14. cxd5 Bxd5 15.
Nxd5 Nxd5 16. Rab1 a6 17. Bc1 b5 18. axb5 axb5 19. Bxb5 Nc3 20. Qc2 Nxb5 21. Bb2
Bxb2 22. Rxb2 Rfe8 23. Ra2 Rxa2 24. Qxa2 Nc3 25. Qb2 Nb5 26. Rc1 Rd8 27. g3 Qb7
28. Ne1 Rd7 29. Ra1 Na5 30. Rxa5 Rd1 31. Qe2 Nc3 32. Qf1 Qb4 33. Ra8+ Kh7 34.
Ra7 Kg8 35. Ra8+ Kg7 36. h4 Ne4 37. Re8 Rxe1 38. Rxe4 Rxf1+ 39. Kxf1 Qxe4 40.
Ke2 Qc2+ {LoszycerSasha a abandonné} 0-1

[Event "Tournament 14471 - Europe Echecs"]
[Site "Europe Echecs"]
[Date "2020.07.09"]
[Round "4"]
[Time "15:35:07"]
[PlyCount "48"]
[White "GuichardAxel"]
[Black "DromardLila"]
[WhiteElo "1148"]
[BlackElo "1040"]
[Mode "WEB"]
[Result "1-0"]

1. e4 e5 2. Nf3 Nc6 3. Bc4 Nf6 4. Ng5 d5 5. exd5 Nxd5 6. Qf3 f6 7. Bxd5 Ne7 8.
Be6 Bxe6 9. Nxe6 Qd5 10. Qxd5 Nxd5 11. Nxf8 Rxf8 12. Nc3 Nxc3 13. dxc3 O-O-O 14.
O-O g5 15. b3 h5 16. Ba3 Rg8 17. Be7 Rd2 18. Bxf6 Rxc2 19. Bxe5 g4 20. Bg3 Rxc3
21. Rfe1 Rh8 22. Be5 Re8 23. Bxc3 Rxe1+ 24. Rxe1 {DromardLila a abandonné} 1-0

[Event "Tournament 14471 - Europe Echecs"]
[Site "Europe Echecs"]
[Date "2020.07.09"]
[Round "4"]
[Time "15:35:07"]
[PlyCount "55"]
[White "RaymondTimothe"]
[Black "FoleyDaniel"]
[WhiteElo "999"]
[BlackElo "1140"]
[Mode "WEB"]
[Result "0-1"]

1. e4 b6 2. d4 Bb7 3. Nc3 g6 4. Nf3 Bg7 5. Bc4 e6 6. Bf4 d6 7. d5 Qe7 8. dxe6
fxe6 9. g4 Na6 10. Ng5 O-O-O 11. Bxe6+ Kb8 12. Nd5 Bxd5 13. exd5 h6 14. Qe2 hxg5
15. Bd2 Bxb2 16. Rb1 Bg7 17. Qxa6 Nf6 18. Rb5 Nxd5 19. Rxd5 Qxe6+ 20. Kd1 Qxd5
21. Qd3 Qxh1+ 22. Ke2 Rde8+ 23. Be3 c5 24. f3 Qg2+ 25. Ke1 Qh1+ 26. Kf2 Rxh2+
27. Kg3 Qg2# {RaymondTimothe est échec et mat} 0-1

[Event "Tournament 14471 - Europe Echecs"]
[Site "Europe Echecs"]
[Date "2020.07.09"]
[Round "4"]
[Time "15:35:07"]
[PlyCount "72"]
[White "FadilNoah"]
[Black "KulikovaBernie"]
[WhiteElo "1113"]
[BlackElo "800"]
[Mode "WEB"]
[Result "1-0"]

1. e4 e5 2. c3 Nc6 3. d4 Nf6 4. Nf3 Nxe4 5. d5 Ne7 6. Nxe5 f6 7. Nf3 c6 8. d6
Nd5 9. c4 Nb6 10. Qe2 Bxd6 11. Qxe4+ Qe7 12. Qxe7+ Bxe7 13. Be3 d5 14. Bxb6 axb6
15. cxd5 cxd5 16. Nc3 d4 17. Nd5 Bb4+ 18. Nxb4 Bg4 19. Bb5+ Kf8 20. Nxd4 Kf7 21.
O-O Rhd8 22. Bc4+ Kf8 23. Ne6+ Ke8 24. Nxd8 Kxd8 25. h3 Bd7 26. Rfd1 Ra4 27. Be6
Ke7 28. Bxd7 Rxb4 29. Rab1 Kd8 30. Bc6+ Kc7 31. Bd5 g5 32. Rbc1+ Kb8 33. Bb3
Rxb3 34. axb3 f5 35. Rd8+ Ka7 36. Ra1# {KulikovaBernie est échec et mat} 1-0

[Event "Tournament 14471 - Europe Echecs"]
[Site "Europe Echecs"]
[Date "2020.07.09"]
[Round "5"]
[Time "16:05:20"]
[PlyCount "48"]
[White "LamazeSimon"]
[Black "TulliezAndre"]
[WhiteElo "2185"]
[BlackElo "1777"]
[Mode "WEB"]
[Result "1-0"]

1. d4 Nf6 2. Nf3 g6 3. g3 Bg7 4. b3 O-O 5. Bb2 c5 6. Bg2 d6 7. O-O Nc6 8. d5 Nb8
9. c4 a6 10. Nc3 b5 11. cxb5 axb5 12. Nxb5 Qa5 13. a4 Ba6 14. Nd2 Nbd7 15. Nc4
Qd8 16. Nca3 Nb6 17. e4 Rc8 18. Rc1 Bxb5 19. Nxb5 Ra8 20. e5 Nfd7 21. f4 dxe5
22. d6 Rc8 23. Qe2 exf4 24. dxe7 {TulliezAndre a abandonné} 1-0

[Event "Tournament 14471 - Europe Echecs"]
[Site "Europe Echecs"]
[Date "2020.07.09"]
[Round "5"]
[Time "16:05:20"]
[PlyCount "72"]
[White "LesueurGabriel"]
[Black "MareauTimothe"]
[WhiteElo "1906"]
[BlackElo "1642"]
[Mode "WEB"]
[Result "1-0"]

1. e4 e6 2. d4 d5 3. Nc3 Nc6 4. e5 f6 5. Bd3 Bb4 6. Qh5+ Kf8 7. Nf3 Bd7 8. a3
Be7 9. Be3 Be8 10. Qh3 f5 11. g4 g6 12. gxf5 exf5 13. Rg1 Bf7 14. Ng5 Bxg5 15.
Bxg5 Qd7 16. O-O-O Qe6 17. Bb5 Ke8 18. Na4 b6 19. Rg3 a6 20. Be2 Kd7 21. c4 Kc8
22. cxd5 Qxd5 23. Bf3 Qc4+ 24. Nc3 Rb8 25. Bxc6 Qxc6 26. d5 Qc5 27. Be3 Qc4 28.
Rf3 Kb7 29. Rf4 Bxd5 30. Rxc4 Bxc4 31. Qg2+ Ka7 32. Qc6 Bb3 33. Qxc7+ Rb7 34.
Bxb6+ Ka8 35. Rd8+ Rb8 36. Rxb8# {MareauTimothe est échec et mat} 1-0

[Event "Tournament 14471 - Europe Echecs"]
[Site "Europe Echecs"]
[Date "2020.07.09"]
[Round "5"]
[Time "16:05:20"]
[PlyCount "154"]
[White "SuspeneJacques"]
[Black "SiffertArman"]
[WhiteElo "1610"]
[BlackElo "1887"]
[Mode "WEB"]
[Result "1-0"]

1. e4 c5 2. c3 Nf6 3. e5 Nd5 4. d4 cxd4 5. Bc4 Nb6 6. Bb3 e6 7. Nf3 d6 8. exd6
Bxd6 9. cxd4 Bd7 10. O-O O-O 11. Nc3 Bc6 12. Re1 N8d7 13. Qd3 Nf6 14. Bg5 Be7
15. Bc2 g6 16. Ne5 Nbd5 17. Rad1 Nb4 18. Qd2 Nxc2 19. Qxc2 Rc8 20. Nxc6 Rxc6 21.
Qe2 Nd5 22. Bxe7 Nxe7 23. Qe5 Qb6 24. Rd2 Rd8 25. d5 Nxd5 26. Nxd5 exd5 27. Rxd5
Rxd5 28. Qxd5 Qxb2 29. g3 Qf6 30. Re2 Kg7 31. Kg2 h5 32. Qd7 Rb6 33. Kg1 Qc3 34.
Re7 Qf6 35. Re2 Rb1+ 36. Kg2 Qc6+ 37. Qxc6 bxc6 38. Re7 a6 39. Ra7 Rb6 40. Rc7
Rb2 41. Rxc6 Rxa2 42. Rc7 a5 43. Ra7 Ra3 44. h4 Kf6 45. Ra6+ Ke5 46. Ra7 f6 47.
Ra6 Ra1 48. Kf3 Ra3+ 49. Kg2 a4 50. Ra5+ Ke4 51. Ra6 Kf5 52. Ra5+ Ke4 53. Ra6
Ra1 54. Rxf6 a3 55. Rxg6 Rb1 56. Ra6 Rb3 57. Ra5 Kd3 58. Rxh5 a2 59. Ra5 Rb2 60.
h5 Kc3 61. g4 Kb3 62. g5 Rc2 63. h6 Rc4 64. Rxa2 Kxa2 65. Kg3 Kb3 66. g6 Rc6 67.
g7 Rg6+ 68. Kf4 Kc3 69. h7 Rg1 70. h8=Q Kd3 71. g8=Q Rf1 72. Kg3 Ke2 73. Qe6+
Kd1 74. Qd8+ Kc2 75. Qc6+ Kb3 76. Qb8+ Ka3 77. Qca8# {SiffertArman est échec et mat} 1-0

[Event "Tournament 14471 - Europe Echecs"]
[Site "Europe Echecs"]
[Date "2020.07.09"]
[Round "5"]
[Time "16:05:20"]
[PlyCount "111"]
[White "DavtianArmen"]
[Black "TrevisiolAntoi"]
[WhiteElo "1413"]
[BlackElo "1788"]
[Mode "WEB"]
[Result "0-1"]

1. d4 Nf6 2. c4 c5 3. e3 g6 4. Nf3 Bg7 5. Nc3 O-O 6. Bd3 d6 7. O-O Bg4 8. h3
Bxf3 9. Qxf3 Nc6 10. d5 Ne5 11. Qe2 Nfd7 12. Bc2 Nb6 13. Bd3 a6 14. Bd2 Nxd3 15.
Qxd3 Nd7 16. b3 Rb8 17. Rab1 Ne5 18. Qc2 b5 19. f4 Nd7 20. Qd3 bxc4 21. bxc4 Qc7
22. Ne4 Nf6 23. Nxf6+ Bxf6 24. Bc3 Bxc3 25. Qxc3 Rb7 26. Rb3 Rxb3 27. axb3 Rb8
28. Ra1 Qb6 29. Ra3 Qb4 30. Qxb4 Rxb4 31. e4 f6 32. Kf2 Kf7 33. Ke3 h5 34. g3 g5
35. Kd3 gxf4 36. gxf4 Rb8 37. Ke3 h4 38. Kf3 Rg8 39. f5 Rg3+ 40. Kf4 Kg7 41.
Rxa6 Rxh3 42. Ra7 Kf7 43. Kg4 Rxb3 44. Kxh4 Re3 45. Ra4 Rxe4+ 46. Kg3 Kg7 47.
Kf3 Re5 48. Kf4 Re1 49. Ra7 Kf7 50. Ra8 Rb1 51. Rh8 Rb4 52. Rh7+ Ke8 53. Rh8+
Kd7 54. Ke3 Rxc4 55. Ra8 Rd4 {DavtianArmen a abandonné} 0-1